[Event "FIDE World Rapid Team"]
[Site "Almaty KAZ"]
[Date "2024.08.02"]
[Round "2.28"]
[White "Iunusov, Nuriddin"]
[Black "Shakhman, Asanali"]
[Result "1-0"]
[WhiteTitle "CM"]
[WhiteElo "1925"]
[BlackElo "1537"]
[WhiteTeam "Noval Group Kyrgystan"]
[BlackTeam "Baiterekchess"]
[WhiteFideId "13803026"]
[BlackFideId "447018860"]
[EventDate "2024.08.02"]

1. e4 c6 2. Nc3 d5 3. Nf3 Bg4 4. h3 Bxf3 5. Qxf3 e6 6. d4 Bb4 7. a3 Bxc3+ 8.
bxc3 dxe4 9. Qxe4 Nf6 10. Qf3 O-O 11. Bd3 Nbd7 12. Qg3 Nd5 13. Bh6 Qf6 14. Bg5
Rae8 15. Bxf6 N5xf6 16. O-O e5 17. dxe5 Nxe5 18. Rfe1 Ng6 19. Bxg6 hxg6 20. Rxe8
Rxe8 21. Rd1 Nd5 22. c4 Nf6 23. Qc7 b5 24. cxb5 cxb5 25. Rd8 Rxd8 26. Qxd8+ Kh7
27. Qa5 Ng8 28. Qxb5 Nh6 29. g4 f6 30. Qd5 Ng8 31. c4 Ne7 32. Qe6 Ng8 33. c5 Nh6
34. c6 Ng8 35. c7 Nh6 36. c8=Q 1-0

[Event "FIDE World Rapid Team"]
[Site "Almaty KAZ"]
[Date "2024.08.02"]
[Round "2.29"]
[White "Anvar, Sultan"]
[Black "Lesbekova, Assel"]
[Result "0-1"]
[BlackTitle "WCM"]
[WhiteElo "1529"]
[BlackElo "1903"]
[WhiteTeam "Baiterekchess"]
[BlackTeam "Noval Group Kyrgystan"]
[WhiteFideId "13783815"]
[BlackFideId "13713248"]
[EventDate "2024.08.02"]

1. e4 c5 2. d4 cxd4 3. Qxd4 Nc6 4. Qd3 Nf6 5. Nc3 d6 6. Nf3 g6 7. Be2 Bg7 8. O-O
O-O 9. Nd5 Nxd5 10. exd5 Bf5 11. Qb5 Ne5 12. Nxe5 Bxe5 13. Bh6 Re8 14. c3 e6 15.
dxe6 fxe6 16. Bf3 Qh4 17. g3 Qxh6 18. Bxb7 Rab8 19. Qa4 Bh3 20. Bg2 Rf8 21. Qc2
Bxg2 22. Kxg2 Qh5 23. f4 Bg7 24. Rae1 Qd5+ 25. Kg1 Qxa2 26. Rb1 Rfc8 27. Qd3
Rxb2 28. Rxb2 Qxb2 29. Qxd6 Qb6+ 30. Qxb6 axb6 31. Rb1 Bxc3 32. Kg2 Bd4 33. Re1
Kf7 34. Kf3 Rc2 35. h3 b5 36. Rb1 Bb2 37. Ke3 b4 38. Kd3 Rg2 39. Kc4 Bc3 40. g4
Rg3 41. Rh1 Rf3 42. f5 gxf5 43. gxf5 Rxf5 44. Re1 Bxe1 0-1

[Event "FIDE World Rapid Team"]
[Site "Almaty KAZ"]
[Date "2024.08.02"]
[Round "2.30"]
[White "Nurdin Uulu, Sardarbek"]
[Black "Zhankarayeva, Zhansaya"]
[Result "1-0"]
[WhiteElo "1908"]
[BlackElo "1402"]
[WhiteTeam "Noval Group Kyrgystan"]
[BlackTeam "Baiterekchess"]
[WhiteFideId "13800183"]
[BlackFideId "13781804"]
[EventDate "2024.08.02"]

1. e4 c5 2. c3 e6 3. d4 cxd4 4. cxd4 d5 5. Nc3 Bb4 6. Qg4 g6 7. e5 Ne7 8. Bg5
Qc7 9. Rc1 Nf5 10. a3 Bxc3+ 11. Rxc3 Nc6 12. Bf6 Rg8 13. b4 Qb6 14. Nf3 Ncxd4
15. Nxd4 Qxd4 16. Qxd4 Nxd4 17. Rc7 Bd7 18. Rxb7 Nc2+ 19. Kd2 Nxa3 20. Bd3 a6
21. Ra1 Nc4+ 22. Bxc4 dxc4 23. Kc3 Bc6 24. Re7+ Kf8 25. Rc7 Bxg2 26. Rxa6 Re8
27. Raa7 Rg7 28. Bxg7+ Kxg7 29. Rxf7+ Kh6 30. Rxh7+ Kg5 31. Kxc4 Rf8 32. Raf7
Rc8+ 33. Kb5 Rb8+ 34. Kc5 Rc8+ 35. Kd6 Rc6+ 36. Ke7 Bd5 37. h4+ Kg4 38. Rh6 Rc7+
39. Kf6 Rc3 40. Rxg6+ Kf4 41. Rg3 Rc2 42. Rg5 Rc3 43. h5 Rh3 44. Rg3 Rh1 45. h6
Be4 46. b5 Bf5 47. Kg7 Kxe5 48. Rxf5+ exf5 49. h7 f4 50. Rg5+ Ke4 51. h8=Q Rxh8
52. Kxh8 Kf3 53. b6 Kxf2 54. Rf5 f3 55. Rxf3+ Kxf3 56. b7 Ke4 57. b8=Q Kd4 58.
Qb3 Ke5 59. Qc4 Kd6 60. Qb5 Ke6 61. Kg7 Kd6 62. Kf6 Kc7 63. Ke6 Kc8 64. Kd6 Kd8
65. Qd7# 1-0

[Event "FIDE World Rapid Team"]
[Site "Almaty KAZ"]
[Date "2024.08.02"]
[Round "2.31"]
[White "Annaberdiyev, Meylis"]
[Black "Yermekov, Kairat"]
[Result "1-0"]
[WhiteTitle "GM"]
[WhiteElo "2431"]
[BlackElo "2076"]
[WhiteTeam "TKM Chess"]
[BlackTeam "VKO Team"]
[WhiteFideId "14000563"]
[BlackFideId "13702203"]
[EventDate "2024.08.02"]

1. e4 e6 2. d4 d5 3. e5 c5 4. Nf3 Nc6 5. Bd3 cxd4 6. O-O f6 7. Bb5 a6 8. Bxc6+
bxc6 9. Nxd4 c5 10. Nf3 Qb6 11. Re1 f5 12. c3 Ne7 13. b4 Nc6 14. Be3 a5 15. bxc5
Bxc5 16. Bxc5 Qxc5 17. Nbd2 O-O 18. Nb3 Qa3 19. Nbd4 Bd7 20. Re3 Rac8 21. c4 Qc5
22. cxd5 Qxd5 23. Ne2 Nb4 24. Nf4 Qxd1+ 25. Rxd1 Rc7 26. Ra3 a4 27. h4 h6 28.
Rd6 Kf7 29. Rb6 Nc2 30. Rd3 g6 31. Rdd6 Re8 32. Nd4 Nxd4 33. Rxd4 g5 34. Nh5 Ra8
35. Nf6 Bc8 36. f4 gxf4 37. Nh5 Ra5 38. Nxf4 Rxe5 39. Rxa4 Re1+ 40. Kh2 e5 41.
Nd5 Rc2 42. Ra7+ Ke8 43. Re7+ Kf8 44. Rxh6 1-0

[Event "FIDE World Rapid Team"]
[Site "Almaty KAZ"]
[Date "2024.08.02"]
[Round "2.32"]
[White "Nyshanbayev, Bolat"]
[Black "Turayev, Shahruh"]
[Result "1-0"]
[WhiteElo "2091"]
[BlackElo "2097"]
[WhiteTeam "VKO Team"]
[BlackTeam "TKM Chess"]
[WhiteFideId "13704435"]
[BlackFideId "14003856"]
[EventDate "2024.08.02"]

1. d4 d5 2. Nf3 Nf6 3. c4 dxc4 4. e3 Bg4 5. Bxc4 e6 6. Qb3 Bxf3 7. gxf3 Nbd7 8.
Nc3 c5 9. d5 exd5 10. Nxd5 Bd6 11. Nxf6+ Qxf6 12. Qxb7 Rd8 13. Bb5 a6 14. Ba4
Qe7 15. Bd2 Rb8 16. Qxd7+ Qxd7 17. Bxd7+ Kxd7 18. Bc3 f6 19. Rg1 Rhg8 20. O-O-O
Ke6 21. f4 Rb7 22. Bxf6 Bxf4 23. Bc3 Bb8 24. Rg5 Bd6 25. h4 Rf7 26. f4 g6 27. h5
Rf5 28. Rdg1 Rxg5 29. Rxg5 Kf7 30. Rd5 Ke6 31. Rg5 Kf7 32. h6 Re8 33. Kd2 Bf8
34. Rg2 Ke6 35. Ke2 Re7 36. Kf3 Bxh6 37. Rh2 Bf8 38. e4 Rf7 39. Kg4 Be7 40. f5+
gxf5+ 41. exf5+ Kd5 42. Rh6 a5 43. f6 Bd8 44. Kf5 a4 45. a3 Bc7 46. Rh4 Bg3 47.
Rxa4 Bf2 48. Re4 Bd4 49. Bxd4 cxd4 50. Re7 Rf8 51. Rxh7 Rd8 52. f7 d3 53. Kf6
Kc4 54. Rh2 d2 55. Rxd2 Rxd2 56. f8=Q Rxb2 57. Qa8 Rb6+ 58. Ke5 Rb5+ 59. Ke4 Rb6
60. Qg8+ Kb5 61. Kd4 Rb7 62. Qd5+ Ka6 63. Qc6+ Ka7 64. a4 Rb4+ 65. Kc5 Rb7 66.
a5 Rb1 67. Qd7+ Rb7 68. Qd6 Rb1 69. Qe7+ Rb7 70. Qe6 Rb1 71. Qh6 Rb2 72. Qg7+
Rb7 73. Qd4 Rb8 74. Kc6+ Ka6 75. Qd3+ Ka7 76. a6 Rb6+ 77. Kc7 Rb8 78. Qd6 Rb5
79. Qd4+ Ka8 80. Qe4+ Ka7 81. Qe3+ Ka8 82. Qe8+ 1-0

[Event "FIDE World Rapid Team"]
[Site "Almaty KAZ"]
[Date "2024.08.02"]
[Round "2.33"]
[White "Halynyazov, Vepaly"]
[Black "Shevchenko, Alexandr"]
[Result "1-0"]
[WhiteElo "2049"]
[BlackElo "1814"]
[WhiteTeam "TKM Chess"]
[BlackTeam "VKO Team"]
[WhiteFideId "14004020"]
[BlackFideId "13756478"]
[EventDate "2024.08.02"]

1. d4 Nf6 2. Nf3 d5 3. Bf4 c5 4. e3 Qb6 5. Nc3 a6 6. Na4 Qa5+ 7. c3 cxd4 8. b4
Qd8 9. exd4 e6 10. Bd3 Bd6 11. Ne5 O-O 12. O-O Nc6 13. Nxc6 bxc6 14. Bxd6 Qxd6
15. Nc5 e5 16. Re1 e4 17. Bf1 Ng4 18. g3 Qh6 19. h3 Nf6 20. h4 Bg4 21. Qc1 Qh5
22. Qg5 Qxg5 23. hxg5 Nd7 24. Nxa6 Nb6 25. a4 Bc8 26. b5 Bxa6 27. bxa6 Rfe8 28.
Reb1 h6 29. Rxb6 1-0

[Event "FIDE World Rapid Team"]
[Site "Almaty KAZ"]
[Date "2024.08.02"]
[Round "2.34"]
[White "Sadybekov, Adilzhan"]
[Black "Agajanova, Meryem"]
[Result "0-1"]
[BlackTitle "WCM"]
[WhiteElo "1674"]
[BlackElo "2007"]
[WhiteTeam "VKO Team"]
[BlackTeam "TKM Chess"]
[WhiteFideId "13764799"]
[BlackFideId "14005930"]
[EventDate "2024.08.02"]

1. d4 Nf6 2. Nf3 d5 3. Bf4 e6 4. e3 Bd6 5. Ne5 c5 6. c3 Qc7 7. Nd2 O-O 8. Bd3
Nbd7 9. Ndf3 c4 10. Bc2 b5 11. O-O Bb7 12. h3 a5 13. Qe2 b4 14. Nxd7 Qxd7 15.
Ne5 Qc7 16. Bh2 a4 17. cxb4 a3 18. b3 Rfc8 19. b5 Ra5 20. Rab1 Rxb5 21. bxc4
Rxb1 22. Rxb1 dxc4 23. e4 Ba6 24. Qe1 Rb8 25. f4 Bxe5 26. fxe5 Nd7 27. Kh1 Rb2
28. Rxb2 axb2 29. d5 c3 30. dxe6 fxe6 31. Bb3 Qc6 32. Qd1 Bc4 33. Ba4 Qxe4 34.
Bc2 Qd5 35. Qe1 Bxa2 36. Qxc3 b1=Q+ 37. Bxb1 Bxb1 38. Qc8+ Kf7 39. Bg1 Be4 40.
Kh2 Bxg2 41. Qc2 Be4 42. Qf2+ Kg8 43. Qd4 Qxe5+ 44. Qxe5 Nxe5 45. Kg3 Bf5 46. h4
Kf7 47. Bd4 Nc6 48. Bc3 e5 49. Kf3 Ke6 50. Ke3 g6 51. Bb2 Kd5 52. Bc3 Nd4 53.
Bb2 Bb1 54. h5 gxh5 55. Kf2 Ke4 56. Bc1 Kd3 57. Bg5 e4 58. Bh6 Nc2 59. Kg3 e3
60. Bxe3 Nxe3 61. Kh4 Ke2 62. Kxh5 Kf3 63. Kh4 Kf4 64. Kh5 Bg6+ 65. Kh4 Ng2+ 66.
Kh3 Kf3 67. Kh2 h5 68. Kh3 Bf5+ 69. Kh2 h4 70. Kg1 Kg3 71. Kh1 h3 72. Kg1 Ne3 0-1

[Event "FIDE World Rapid Team"]
[Site "Almaty KAZ"]
[Date "2024.08.02"]
[Round "2.35"]
[White "Ezizov, Muhammet"]
[Black "Serikov, Merey"]
[Result "1-0"]
[WhiteElo "1909"]
[BlackElo "1616"]
[WhiteTeam "TKM Chess"]
[BlackTeam "VKO Team"]
[WhiteFideId "14003759"]
[BlackFideId "13734067"]
[EventDate "2024.08.02"]

1. e4 c5 2. Nf3 d6 3. d4 cxd4 4. Nxd4 Nf6 5. Nc3 a6 6. Be2 e5 7. Nb3 Be7 8. O-O
O-O 9. f4 b5 10. a3 Bb7 11. Bf3 Nbd7 12. f5 Qc7 13. Qe2 Nb6 14. Na5 Bc8 15. Bg5
Nfd5 16. Nxd5 Nxd5 17. Bxe7 Nxe7 18. Qd2 f6 19. Kh1 Rd8 20. g4 Bb7 21. Nxb7 Qxb7
22. g5 Kh8 23. gxf6 gxf6 24. Rg1 Ng8 25. Rg3 Ra7 26. Rag1 Qf7 27. Rh3 Qf8 28.
Bh5 Ne7 29. Qf2 Rdd7 30. Bf3 Ng8 31. Rd1 Rac7 32. c3 Rb7 33. Be2 Ne7 34. Rhd3
Qb8 35. Qh4 Ng8 36. Rg3 Qf8 37. Rdg1 Rg7 38. Rd1 Rxg3 39. Qxg3 Qe7 40. Qd3 Rd7
41. Qe3 Rb7 42. Rd2 Qd8 43. Bd1 Rd7 44. Bb3 Ne7 45. Be6 Rb7 46. Rg2 Qf8 47. Qd2
Rb6 48. Qf2 Rb7 49. Qd2 Rb6 50. Rg3 Rc6 51. Qf2 Rc5 52. b4 Rc6 53. Qa7 Qd8 54.
Qxe7 1-0

[Event "FIDE World Rapid Team"]
[Site "Almaty KAZ"]
[Date "2024.08.02"]
[Round "2.36"]
[White "Tulekenova, Aiza"]
[Black "Sholpanbek, Zhansaya"]
[Result "1-0"]
[WhiteElo "1581"]
[BlackElo "1752"]
[WhiteTeam "VKO Team"]
[BlackTeam "TKM Chess"]
[WhiteFideId "13763881"]
[BlackFideId "13775111"]
[EventDate "2024.08.02"]

1. e4 e5 2. Nf3 Nc6 3. Bc4 Bc5 4. c3 Nf6 5. d4 exd4 6. cxd4 Bb4+ 7. Bd2 Bxd2+ 8.
Nbxd2 d5 9. exd5 Nxd5 10. O-O O-O 11. Ne5 Be6 12. Nxc6 bxc6 13. Nf3 Re8 14. Ne5
Qd6 15. Rc1 f6 16. Nd3 Rad8 17. Nc5 Bc8 18. Qa4 Kf8 19. Bxd5 Qxd5 20. Qxa7 Re7
21. Rfd1 Qg5 22. Qa3 Rde8 23. Ne4 Qg6 24. Ng3 Kg8 25. h3 h5 26. Rxc6 h4 27. Nf1
Bb7 28. Qb3+ Kh7 29. Qxb7 Qh5 30. Rcc1 f5 31. Qd5 Qg6 32. Rc6 Qg5 33. Rc5 g6 34.
Rdc1 Re2 35. Rxc7+ Kh6 36. Qf7 R2e7 37. Rxe7 Rxe7 38. Qf8+ Kh7 39. Rc8 Re8 40.
Rxe8 Qxg2+ 41. Kxg2 g5 42. Qf7+ Kh6 43. Rh8# 1-0

[Event "FIDE World Rapid Team"]
[Site "Almaty KAZ"]
[Date "2024.08.02"]
[Round "2.37"]
[White "Williams, Justus"]
[Black "Saduakassov, Duman"]
[Result "1-0"]
[WhiteTitle "IM"]
[WhiteElo "2361"]
[BlackElo "1842"]
[WhiteTeam "Kazakhstan dream team"]
[BlackTeam "Abai's Gambit Pioneers"]
[WhiteFideId "2049929"]
[BlackFideId "13721895"]
[EventDate "2024.08.02"]

1. e4 c5 2. Nf3 d6 3. d4 cxd4 4. Nxd4 Nf6 5. Nc3 a6 6. h3 e5 7. Nb3 Be7 8. Be3
Be6 9. Qf3 Qc7 10. g4 Nc6 11. g5 Nd7 12. O-O-O Nb6 13. Kb1 Rc8 14. Nd5 Bxd5 15.
exd5 Nd4 16. Bxd4 Qxc2+ 17. Ka1 exd4 18. Bd3 Qc7 19. Rhe1 O-O 20. Qe4 1-0

[Event "FIDE World Rapid Team"]
[Site "Almaty KAZ"]
[Date "2024.08.02"]
[Round "2.38"]
[White "Serikgali Daulet"]
[Black "Ishmukhametov, Adil"]
[Result "0-1"]
[WhiteElo "1571"]
[BlackElo "2077"]
[WhiteTeam "Abai's Gambit Pioneers"]
[BlackTeam "Kazakhstan dream team"]
[WhiteFideId "13780468"]
[BlackFideId "13700170"]
[EventDate "2024.08.02"]

1. e4 c5 2. Nf3 e6 3. d4 cxd4 4. Qxd4 Nc6 5. Qe3 Nf6 6. c4 Bb4+ 7. Nbd2 Qb6 8.
Qxb6 axb6 9. Bd3 O-O 10. O-O d5 11. exd5 exd5 12. cxd5 Nxd5 13. Nc4 Bc5 14. Ng5
h6 15. Ne4 Bd4 16. Be3 Bxe3 17. Nxe3 Nxe3 18. fxe3 Ne5 19. Be2 Be6 20. a3 Bc4
21. Rf2 Rfd8 22. Rc1 b5 23. Nc3 Rd2 24. Bxc4 Rxf2 25. Kxf2 bxc4 26. Ke2 Re8 27.
Nd5 b5 28. Nc7 Rb8 29. Rd1 Rb7 30. Nd5 Kh7 31. Rd2 Nd3 32. Nf4 Nc1+ 33. Kf3 Nb3
34. Rd5 g5 35. Ne2 Kg6 36. Rd6+ f6 37. e4 Nc5 38. e5 Nd3 39. Rxf6+ Kg7 40. Ke4
Re7 41. Rf5 Nxb2 42. Nd4 c3 43. Nxb5 c2 44. Rf1 Nd1 45. Nc3 c1=Q 46. Nxd1 Qc4+ 0-1

[Event "FIDE World Rapid Team"]
[Site "Almaty KAZ"]
[Date "2024.08.02"]
[Round "2.39"]
[White "Ishmukhametova, Dilyara"]
[Black "Almazuly, Azamat"]
[Result "1/2-1/2"]
[WhiteElo "1954"]
[BlackElo "1720"]
[WhiteTeam "Kazakhstan dream team"]
[BlackTeam "Abai's Gambit Pioneers"]
[WhiteFideId "13703072"]
[BlackFideId "447002646"]
[EventDate "2024.08.02"]

1. e4 c5 2. Nf3 Nc6 3. Bb5 g6 4. O-O Bg7 5. Nc3 Nd4 6. Bc4 d6 7. h3 Nf6 8. Re1
e5 9. Nd5 O-O 10. d3 a6 11. Nxd4 cxd4 12. Bg5 h6 13. Nxf6+ Kh8 14. Nh7 hxg5 15.
Nxf8 Qxf8 16. Qf3 f5 17. Bd5 Rb8 18. Rac1 Qe7 19. c3 g4 20. hxg4 fxg4 21. Qf7
Qxf7 22. Bxf7 Bh6 23. Rc2 Kg7 24. Bd5 g3 25. cxd4 exd4 26. f3 Be3+ 27. Kf1 Kf6
28. Rc7 Be6 29. Bxe6 Kxe6 30. Rxe3 dxe3 31. Ke2 Rh8 32. Kxe3 Rh2 33. Rc2 g5 34.
f4 gxf4+ 35. Kxf4 Rh1 36. Kxg3 Rd1 37. Rc3 Rd2 38. Rb3 b5 39. Kf3 Ke5 40. g4 d5
41. Ke3 Rg2 42. d4+ Ke6 43. exd5+ Kxd5 44. Kf3 Rd2 45. Ra3 Rxb2 46. Rxa6 Kxd4
47. g5 Rb1 48. g6 Ke5 49. Ke3 Rg1 50. Kd3 Kd5 51. Kc3 Kc5 52. Rf6 Rg3+ 53. Kc2
Kb4 54. Kd2 Ra3 55. Rf4+ Kc5 56. Rg4 Rxa2+ 57. Kc3 b4+ 58. Kb3 Ra3+ 59. Kb2 Ra8
60. g7 Rg8 1/2-1/2

[Event "FIDE World Rapid Team"]
[Site "Almaty KAZ"]
[Date "2024.08.02"]
[Round "2.40"]
[White "Kalikhan, Abilmansur"]
[Black "Zhunusov, Nurlan"]
[Result "0-1"]
[WhiteElo "1670"]
[BlackElo "1771"]
[WhiteTeam "Abai's Gambit Pioneers"]
[BlackTeam "Kazakhstan dream team"]
[WhiteFideId "447010908"]
[BlackFideId "13708872"]
[EventDate "2024.08.02"]

1. f4 b5 2. Nf3 Bb7 3. e3 a6 4. a4 b4 5. b3 Nf6 6. Bb2 e6 7. Be2 c5 8. O-O Nc6
9. h3 Be7 10. d3 Qb6 11. Nbd2 Na5 12. Nc4 Nxc4 13. dxc4 d6 14. Bd3 O-O-O 15. a5
Qc6 16. Qe2 Rhg8 17. Ng5 h6 18. Bxf6 Bxf6 19. Nxf7 Rd7 20. Nxd6+ Rxd6 21. Rad1
Kb8 22. e4 Bd4+ 23. Kh2 Rf8 24. Qg4 Rd7 25. Rde1 e5 26. f5 Rdf7 27. h4 Qc7 28.
Qg6 Qxa5 29. g4 Qc7 30. g5 hxg5 31. Qxg5 Qe7 32. Qg4 Bc8 33. Qg5 Bc3 34. Re2 g6
35. Qxg6 Qxh4+ 36. Kg2 Rf6 37. Qg3 Qh8 38. Rh1 Rh6 39. Rxh6 Qxh6 40. Re3 Bd4 41.
Re2 Qh7 42. Kf3 Rg8 43. Rh2 Rxg3+ 44. Kxg3 Qg7+ 45. Kf3 Qg5 46. Rg2 Qe3+ 47. Kg4
Qf4+ 48. Kh5 Be3 49. Kg6 Qf3 50. Re2 Qg3+ 51. Kf7 Bg5 52. f6 Qf4 53. Kg8 Qxf6
54. Rg2 Be6+ 55. Kh7 Qh6# 0-1

[Event "FIDE World Rapid Team"]
[Site "Almaty KAZ"]
[Date "2024.08.02"]
[Round "2.41"]
[White "Beisikenov, Eduard"]
[Black "Kiribayeva, Togzhan"]
[Result "1-0"]
[WhiteElo "1821"]
[BlackElo "1544"]
[WhiteTeam "Kazakhstan dream team"]
[BlackTeam "Abai's Gambit Pioneers"]
[WhiteFideId "13785079"]
[BlackFideId "13739263"]
[EventDate "2024.08.02"]

1. e4 c5 2. Nc3 Nc6 3. Bb5 g6 4. Bxc6 dxc6 5. d3 Bg7 6. f4 e6 7. Nf3 Ne7 8. O-O
O-O 9. Qe1 Bd7 10. Qh4 Nc8 11. Qh3 e5 12. f5 Nd6 13. g4 c4 14. Bh6 Qb6+ 15. Kh1
f6 16. Na4 Qb4 17. b3 cxd3 18. Bd2 Qb5 19. cxd3 Qxd3 20. Nc5 Qb5 21. Nxd7 Rfd8
22. a4 Qxb3 23. Nc5 Qc4 24. Rfc1 Qf7 25. fxg6 hxg6 26. g5 f5 27. Bc3 Re8 28. Nd2
Rad8 29. Rab1 b6 30. Ncb3 c5 31. a5 c4 32. Na1 b5 33. Nc2 Qb7 34. Qe3 f4 35. Qf3
Qe7 36. Rg1 Qc7 37. Nb4 Qf7 38. Nd5 a6 39. Bb4 Nc8 40. Rbd1 Na7 41. Nb1 Nc6 42.
Bc5 Rb8 43. Qa3 Nd4 44. Nf6+ Bxf6 45. gxf6 Ne6 46. Be7 Nd4 47. Rxg6+ Qxg6 48.
Rg1 Qxg1+ 49. Kxg1 Kf7 50. Qh3 Rh8 51. Qd7 Rbg8+ 52. Kf1 Rxh2 53. Bf8+ Kg6 54.
Qg4+ Kf7 55. Qd7+ Kg6 56. Qe8+ Kh7 57. Qf7+ Kh8 58. Bg7+ Kh7 59. Bf8+ Kh8 60.
Bg7+ Kh7 61. Nc3 f3 62. Nd5 Rh1+ 63. Kf2 Rh2+ 64. Kg3 Rh1 65. Ne7 Ne2+ 66. Kf2
Rh2+ 67. Ke3 1-0

[Event "FIDE World Rapid Team"]
[Site "Almaty KAZ"]
[Date "2024.08.02"]
[Round "2.42"]
[White "Amangaliyev, Dauletkhan"]
[Black "Sakenov, Askar"]
[Result "1/2-1/2"]
[WhiteElo "1531"]
[BlackElo "1715"]
[WhiteTeam "Abai's Gambit Pioneers"]
[BlackTeam "Kazakhstan dream team"]
[WhiteFideId "447022361"]
[BlackFideId "13713655"]
[EventDate "2024.08.02"]

1. e4 c6 2. d4 d5 3. exd5 cxd5 4. Nf3 Nf6 5. Bd3 Bg4 6. O-O Nc6 7. c3 e6 8. h3
Bh5 9. Bg5 Be7 10. Nbd2 O-O 11. Re1 Qc7 12. Nf1 a6 13. Ng3 Bg6 14. h4 Bxd3 15.
Qxd3 h6 16. Bxf6 Bxf6 17. Nh5 Be7 18. Qe3 Rae8 19. g3 b5 20. Ne5 Nxe5 21. dxe5
Qc4 22. Qf4 Qxf4 23. Nxf4 Rc8 24. Nd3 Rc4 25. Kg2 Rfc8 26. a3 a5 27. Re3 d4 28.
cxd4 Rxd4 29. h5 Rcd8 30. Nf4 Bg5 31. Kf3 Rc8 32. Rb3 Bxf4 33. gxf4 Rc5 34. Kg3
a4 35. Rf3 Rd2 36. b3 Rcc2 37. bxa4 bxa4 38. Rb1 Rb2 39. Rxb2 Rxb2 40. Rc3 Rb3
41. Re3 Kf8 42. Kf3 Ke7 43. Ke4 Rb1 44. Rg3 Rb3 45. Kd4 Kf8 46. Rc3 Rb2 47. f3
Rh2 48. Kc4 Rxh5 49. Kb4 Rh4 50. Rc4 Rh3 51. Kxa4 h5 52. Kb5 h4 53. a4 Rxf3 54.
a5 Ra3 55. a6 h3 56. Kb6 h2 57. Rc1 f6 58. a7 Kf7 59. Rh1 Kg6 60. Rxh2 fxe5 61.
fxe5 Kf5 62. Rc2 Rb3+ 63. Kc7 Ra3 64. Kb6 Rb3+ 65. Kc6 Ra3 66. Kb7 Rb3+ 67. Kc7
Ra3 68. Kb8 Rb3+ 69. Kc8 Ra3 70. Rc7 g5 71. Kb8 Kxe5 72. a8=Q Rxa8+ 73. Kxa8 g4
74. Kb7 Kf4 1/2-1/2

[Event "FIDE World Rapid Team"]
[Site "Almaty KAZ"]
[Date "2024.08.02"]
[Round "2.43"]
[White "Balguzhinov, Bakhyt"]
[Black "Ten, Viktor"]
[Result "0-1"]
[WhiteElo "2155"]
[BlackElo "2236"]
[WhiteTeam "Chessacademy_pvl"]
[BlackTeam "Chess Mates"]
[WhiteFideId "13703854"]
[BlackFideId "13700820"]
[EventDate "2024.08.02"]

1. d4 e6 2. Nf3 f5 3. c3 Nf6 4. Bg5 h6 5. Bxf6 Qxf6 6. Nbd2 d5 7. e3 Bd6 8. Bd3
O-O 9. Qe2 c5 10. h3 Nc6 11. g4 e5 12. dxe5 Nxe5 13. Nxe5 Bxe5 14. Rf1 f4 15.
exf4 Bxf4 16. O-O-O Bd7 17. Kb1 Rae8 18. Qf3 Bc6 19. Bc2 c4 20. g5 Bxg5 21. Qh5
Re5 22. f4 Bxf4 23. Qg4 Qg5 24. Qf3 Re3 25. Qf2 Bd6 26. Qg1 Qxg1 27. Rxg1 Rf2
28. Nxc4 dxc4 29. Rxd6 Ree2 30. Bg6 Kf8 31. Rgd1 Rxb2+ 32. Kc1 Rxa2 33. Kb1
Rfb2+ 34. Kc1 Rg2 35. Kb1 Rae2 36. Rf1+ Ke7 37. Rfd1 Rxg6 0-1

[Event "FIDE World Rapid Team"]
[Site "Almaty KAZ"]
[Date "2024.08.02"]
[Round "2.44"]
[White "Bolat, Inayat"]
[Black "Derksen, Vadim"]
[Result "1-0"]
[WhiteTitle "FM"]
[WhiteElo "2264"]
[BlackElo "1735"]
[WhiteTeam "Chess Mates"]
[BlackTeam "Chessacademy_pvl"]
[WhiteFideId "13733125"]
[BlackFideId "13737244"]
[EventDate "2024.08.02"]

1. e4 c5 2. Nf3 Nc6 3. Bb5 g6 4. O-O Bg7 5. c3 a6 6. Qa4 Rb8 7. Bxc6 dxc6 8. d4
b5 9. Qc2 c4 10. Nbd2 c5 11. dxc5 Qc7 12. Re1 Qxc5 13. Nf1 Bb7 14. Be3 Qc7 15.
Rad1 Nf6 16. Bd4 Nh5 17. Bxg7 Nxg7 18. Ne3 O-O 19. Qb1 Rbd8 20. h3 Ne6 21. Ng4
Nf4 22. Rd4 Nd3 23. Re3 h5 24. Ngh2 Rxd4 25. cxd4 Qf4 26. g3 Qd6 27. b3 Bc8 28.
bxc4 bxc4 29. Qc2 Nb4 30. Qxc4 a5 31. e5 Qd7 32. Ng5 Qf5 33. Nhf3 Ba6 34. Qc5
Qb1+ 35. Re1 Qxa2 36. Qxe7 Nd3 37. Rf1 Qc4 38. e6 Nf4 39. Re1 Nd3 40. exf7+ Rxf7
41. Qe8+ Kg7 42. Ne6+ Kf6 43. Qh8+ Kf5 44. Nh4# 1-0

[Event "FIDE World Rapid Team"]
[Site "Almaty KAZ"]
[Date "2024.08.02"]
[Round "2.45"]
[White "Ivlev, Andrey"]
[Black "Skak, Abuali"]
[Result "0-1"]
[WhiteElo "1578"]
[BlackElo "1969"]
[WhiteTeam "Chessacademy_pvl"]
[BlackTeam "Chess Mates"]
[WhiteFideId "13747991"]
[BlackFideId "13739026"]
[EventDate "2024.08.02"]

1. e4 c5 2. Nf3 Nc6 3. b3 e6 4. Bb2 Nf6 5. d3 Be7 6. g3 O-O 7. Bg2 d5 8. exd5
exd5 9. O-O Bg4 10. Nbd2 h6 11. Qc1 d4 12. Re1 Bd6 13. Nc4 Bc7 14. Nfe5 Nxe5 15.
Nxe5 Bxe5 16. Rxe5 Nd7 17. Re1 Qc7 18. Qd2 Be6 19. Re2 Bg4 20. Ree1 Nf6 21. h3
Be6 22. Re2 Bd5 23. Rae1 Bxg2 24. Kxg2 Qc6+ 25. Kg1 Nd5 26. Re5 Nc7 27. Ba3 Ne6
28. Bb2 Ng5 29. Rxg5 hxg5 30. Qxg5 Rfe8 31. Qd2 Rxe1+ 32. Qxe1 Re8 33. Qd2 Qf3
34. Kf1 Qh1# 0-1

[Event "FIDE World Rapid Team"]
[Site "Almaty KAZ"]
[Date "2024.08.02"]
[Round "2.46"]
[White "Akhmedya, Madyar"]
[Black "Semenov, Miroslav"]
[Result "1-0"]
[WhiteElo "1786"]
[BlackElo "1512"]
[WhiteTeam "Chess Mates"]
[BlackTeam "Chessacademy_pvl"]
[WhiteFideId "13739727"]
[BlackFideId "447010525"]
[EventDate "2024.08.02"]

1. e4 c5 2. Nf3 e6 3. d4 cxd4 4. Nxd4 Nf6 5. Nc3 Nc6 6. Ndb5 Bb4 7. Nd6+ Ke7 8.
Nxc8+ Qxc8 9. Bd3 d5 10. exd5 Nxd5 11. Bg5+ f6 12. Bd2 Nxc3 13. bxc3 Bd6 14. O-O
Qc7 15. h3 Rad8 16. Qg4 Kf7 17. f4 Qd7 18. Rae1 Rhe8 19. Bxh7 Bc5+ 20. Be3 Bxe3+
21. Rxe3 Rh8 22. Bg6+ Kf8 23. Rxe6 Ne7 24. Bd3 Qd5 25. Rfe1 Re8 26. Bg6 f5 27.
Bxf5 Rh6 28. Rxh6 gxh6 29. Be6 Qd2 30. Re2 Qd1+ 31. Kh2 Qd8 32. Qh5 Kg7 33. Qf7+
Kh8 34. Qf6+ Kh7 35. Bf7 Qc7 36. Bxe8 Qxf4+ 37. Qxf4 1-0